000 00402nam a2200157Ia 4500
008 210716s1993 xx 000 0 und d
020 _a817029018X
041 _aeng
082 _a005.133 MUKV
100 _aVakil, Rupal; Sarvaiya, Hitesh; Jalan, Anup.
245 _aC under unix test.
250 _a1
260 _aNew Delhi
_bBPB Publications
_c1993
300 _a254,x
650 _aC Programming
999 _c182540
_d182540